000 00392cam a2200145ua 4500
041 _aeng
_h
082 _a335
_bCOL/SO
100 _aCole, G D H .
245 _aSocialist thought: Marxism and Anarchism 1850-1890 /
_cCole G D H.
_hTextual Documents
260 _aLondon :
_bMacMillan and Company Limited ,
_c1961.
300 _a482 ; .
504 _a
942 _cBK
999 _c11170
_d11170